ՀՀ Գիտությունների ազգային ակադեմիայի հիմնարար գիտական գրադարան  =   Fundamental Scientific Library of NAS RA

Ուղեցոյց հայ ուսուցչին / (Record no. 539015)

MARC details
000 -LEADER
fixed length control field 00595-am-a2200193-a-4500
001 - CONTROL NUMBER
control field 000031502
003 - CONTROL NUMBER IDENTIFIER
control field AM-YEHGA
005 - DATE AND TIME OF LATEST TRANSACTION
control field 20260123094644.0
008 - FIXED-LENGTH DATA ELEMENTS--GENERAL INFORMATION
fixed length control field 010110s1939 0 0 arm u 0| arm d
040 ## - CATALOGING SOURCE
Original cataloging agency AM-YEHGA
041 0# - LANGUAGE CODE
Language code of text/sound track or separate title arm
100 1# - MAIN ENTRY--PERSONAL NAME
Personal name Կիրակոսեան, Գ.Կ
245 10 - TITLE STATEMENT
Title Ուղեցոյց հայ ուսուցչին /
Statement of responsibility, etc. Գ.Կ. Կիրակոսեան.
260 ## - PUBLICATION, DISTRIBUTION, ETC.
Place of publication, distribution, etc. Երևան :
Name of publisher, distributor, etc. Հ.Բ.Ը. Միութեան մատենաշարի,
Date of publication, distribution, etc. 1939.
300 ## - PHYSICAL DESCRIPTION
Extent 64 էջ
440 #0 - SERIES STATEMENT/ADDED ENTRY--TITLE
Title Մատենաշար Հ.Բ.Ը. միութեան
Volume/sequential designation Թիվ 6
650 14 - SUBJECT ADDED ENTRY--TOPICAL TERM
Topical term or geographic name entry element Լեզու
942 ## - ADDED ENTRY ELEMENTS (KOHA)
Source of classification or shelving scheme Universal Decimal Classification
Koha item type Գրքեր / Books
Holdings
Withdrawn status Lost status Damaged status Not for loan Collection Home library Current library Date acquired Total checkouts Full call number Barcode Date last seen Price effective from Koha item type Public note
          Fundamental Scientific Library Fundamental Scientific Library 28/11/2025   Ղար/1020 FL0700878 28/11/2025 04/12/2025 Գրքեր / Books ILL Non-Circ.


ՀՀ ԳԱԱ հիմնարար գիտական գրադարան
ՀՀ,Երևան 0019
Մարշալ Բաղրամյան 24/6
հեռախոս:(374-10) 52-47-50
Հետադարձ կապ

All site content, except where otherwise noted, is licensed under a
Creative Commons License